00651cam a22002173a 450000100060000000300060000600500170001200800410002904000150007004200070008505000070009224501290009926000290022850600300025751600200028765300140030765300130032170000280033483000290036285600420039123029PGUSA20140828083506.0071013s2007||||xxu|||||s|||||000 | eng d aPGUSAbeng adc 4aSD10aOhio Arbor Day 1913 :bArbor and Bird Day Manual : Issued for the Benefit of the Schools of our Stateh[electronic resource] bProject Gutenberg,c2007 aPublic domain in the USA. aElectronic text aArbor Day aBird Day1 aClifton, Grace R.,cMrs 0aProject Gutenbergv2302940uhttp://www.gutenberg.org/ebooks/23029